| 000 | 00411nam a2200169Ia 4500 | ||
|---|---|---|---|
| 008 | 221030s9999 xx 000 0 und d | ||
| 020 | _a8175151218 | ||
| 041 | _aEnglish | ||
| 082 |
_a105.23 _bPop |
||
| 100 | _aM. Pope | ||
| 245 | 0 |
_aProgramming Internet Controls _cby M. Pope, J. Mojica |
|
| 260 |
_bGalgotia Pub _aNew Delhi _c1997 |
||
| 300 | _a574 | ||
| 650 | _aBE Computer | ||
| 700 | _aJ. Mojica | ||
| 942 | _cBK | ||
| 999 |
_c7 _d7 |
||